书目信息 |
| 题名: |
新社会学
|
|
| 作者: | 柯尔库夫 著 ;钱翰 译 | |
| 分册: | ||
| 出版信息: | 北京 社会科学文献出版社 2000 |
|
| 页数: | 171页 | |
| 开本: | 20cm | |
| 丛书名: | 现代社会学文库 | |
| 单 册: | ||
| 中图分类: | C51 | |
| 科图分类: | ||
| 主题词: | 社会科学--丛书 , 社会科学--多卷书 | |
| 电子资源: | ||
| ISBN: | 7-80149-467-9 | |
| 000 | 00705nam0 2200241 45 | |
| 001 | 0207011695 | |
| 005 | 20031219104056.9 | |
| 010 | @a7-80149-467-9@dCNY12.00 | |
| 100 | @a20020701d2000 km y0chiy0120 ea | |
| 101 | 0 | @achi@cfre |
| 105 | @a z 000yy | |
| 200 | 1 | @a新社会学@AXin She Hui Xue@f(法)菲利普·柯尔库夫著@F(Fa)Fei Li Pu·Ke Er Ku Fu Zhu@g钱翰译 |
| 210 | @a北京@c社会科学文献出版社@d2000 | |
| 215 | @a171页@d20cm | |
| 225 | @a现代社会学文库 | |
| 410 | @12001 @a现代社会学文库 | |
| 606 | 0 | @a社会科学@x丛书 |
| 606 | 0 | @a社会科学@x多卷书 |
| 690 | @aC51@v4 | |
| 701 | 0 | @a柯尔库夫@4著 |
| 702 | 0 | @a钱翰@AQian Han@4译 |
| 801 | @aCN@bTSTC@c20020701 | |
| 905 | @b313278-287@dC51@e114:4@f10 | |
| 新社会学/(法)菲利普·柯尔库夫著/钱翰译.-北京:社会科学文献出版社,2000 |
| 171页;20cm.-(现代社会学文库) |
| ISBN 7-80149-467-9:CNY12.00 |
| ● |
| 相关链接 |
|
|
|
|
正题名:新社会学
索取号:C51/114:4
 
预约/预借
| 序号 | 登录号 | 条形码 | 馆藏地/架位号 | 状态 | 备注 |
| 1 | 0313278 | 203132788 | 第一借阅区/ [索取号:C51/114:4] | 在馆 | |
| 2 | 0313279 | 203132797 | 第一借阅区/ [索取号:C51/114:4] | 在馆 | |
| 3 | 0313280 | 203132804 | 密集书库/ [索取号:C51/114:4] | 在馆 | |
| 4 | 0313281 | 203132813 | 密集书库/ [索取号:C51/114:4] | 在馆 | |
| 5 | 0313282 | 203132822 | 密集书库/ [索取号:C51/114:4] | 在馆 | |
| 6 | 0313283 | 203132831 | 第一借阅区/ [索取号:C51/114:4] | 在馆 | |
| 7 | 0313284 | 203132840 | 密集书库/ [索取号:C51/114:4] | 在馆 | |
| 8 | 0313285 | 203132859 | 第一借阅区/ [索取号:C51/114:4] | 在馆 | |
| 9 | 0313286 | 203132868 | 第一借阅区/ [索取号:C51/114:4] | 在馆 | |
| 10 | 0313287 | 203132877 | 第一样本阅览室/ [索取号:C51/114:4] | 在馆 |